Prueba de antigenicidad para vacuna de la enfermedad hemorrágica viral de los conejos serotipo 2 (RHDV2) / (Record no. 220787)
[ view plain ]
| 000 -CABECERA | |
|---|---|
| campo de control de longitud fija | 03478nam a2200337 a 4500 |
| 003 - IDENTIFICADOR DEL NÚMERO DE CONTROL | |
| campo de control | OSt |
| 005 - FECHA Y HORA DE LA ÚLTIMA TRANSACCIÓN | |
| campo de control | 20250819091704.0 |
| 007 - CAMPO FIJO DE DESCRIPCIÓN FÍSICA--INFORMACIÓN GENERAL | |
| campo de control de longitud fija | cr ||||||a|a|a |
| 008 - DATOS DE LONGITUD FIJA--INFORMACIÓN GENERAL | |
| campo de control de longitud fija | 250808s2025 mx a|||fom||| 001 0 spa d |
| 040 ## - FUENTE DE LA CATALOGACIÓN | |
| Normas de descripción | rda |
| 100 1# - ENTRADA PRINCIPAL--NOMBRE DE PERSONA | |
| Nombre de persona | Cruz Flores, Erika |
| 9 (RLIN) | 190834 |
| 245 10 - MENCIÓN DE TÍTULO | |
| Título | Prueba de antigenicidad para vacuna de la enfermedad hemorrágica viral de los conejos serotipo 2 (RHDV2) / |
| Mención de responsabilidad, etc. | por Erika Cruz Flores; director de tesis María Beatriz Mendoza Álvarez; secretario José Luis Echegaray Torres; vocal Fabian Magaña Valencia; suplente Raymundo Rodríguez de Lara; suplente Alfredo Castañeda Ramírez. |
| 264 #1 - PRODUCCIÓN, PUBLICACIÓN, DISTRIBUCIÓN, FABRICACIÓN Y COPYRIGHT | |
| Producción, publicación, distribución, fabricación y copyright | Chapingo, México : |
| Nombre del de productor, editor, distribuidor, fabricante | El autor, |
| Fecha de producción, publicación, distribución, fabricación o copyright | 2024. |
| 300 ## - DESCRIPCIÓN FÍSICA | |
| Extensión | 1 recurso en línea (59 páginas): |
| Otras características físicas | cuadros, figuras. |
| 336 ## - TIPO DE CONTENIDO | |
| Fuente | rdacontent |
| Término de tipo de contenido | texto |
| Código de tipo de contenido | txt |
| 337 ## - TIPO DE MEDIO | |
| Fuente | rdamedia |
| Nombre/término del tipo de medio | computadora |
| Código del tipo de medio | c |
| 338 ## - TIPO DE SOPORTE | |
| Fuente | rdacarrier |
| Nombre/término del tipo de soporte | recurso en línea |
| Código del tipo de soporte | cr |
| 502 ## - NOTA DE TESIS | |
| Tipo de título | Ingeniero Agrónomo Especialista en Zootecnia |
| Nombre de la institución que otorga el título | Departamento de Enseñanza, Investigación y Servicio en Zootecnia, |
| Año de obtención del título | 2024. |
| Información miscelánea | Licenciatura |
| 504 ## - NOTA DE BIBLIOGRAFÍA, ETC. | |
| Nota de bibliografía, etc. | Incluye referencias bibliográficas: páginas 43-45. |
| 520 ## - SUMARIO, ETC. | |
| Sumario, etc. | El objetivo de esta investigación fue evaluar la generación de anticuerpos de la vacuna producida en México, por lo cual, se analizó la vía de administración y el número de dosis aplicadas sobre indicadores productivos. La investigación se desarrolló con 36 animales divididos en 5 grupos de tratamiento completamente al azar; grupo 1: una dosis de la vacuna por vía intramuscular (IM), grupo 2: dos dosis de la vacuna por vía IM, grupo 3: una dosis de la vacuna por vía subcutánea (SC), grupo 4: dos dosis de la vacuna por vía SC y grupo 5: testigos sin vacunar. Se obtuvieron muestras de sangre de cada animal antes de ser inoculados (día 0) y a los 24 días posterior al primer muestreo de sangre. La segunda aplicación de la vacuna en los grupos de tratamiento seleccionados se administró el día 14 y la investigación finalizó el día 28. En los análisis de laboratorio se realizó la titulación del antígeno y la titulación de los sueros para cuantificar los anticuerpos generados mediante la prueba de inhibición de la hemaglutinación. Los resultados se analizaron mediante el procedimiento GLM de SAS donde se consideraron las variables respuesta de titulación del suero y los parámetros productivos, se realizaron contrastes ortogonales para la comparación entre grupos de tratamiento. El título de anticuerpos generados fue mayor en grupos vacunados con respecto al testigo, evidenciando que es mejor la aplicación del antígeno, sin embargo, en las dos vías de aplicación empeladas no hubo diferencia. El resultado favorable en cuanto al título de anticuerpos se presentó en el grupo con dos dosis aplicadas, siendo aceptado por la OIE con un título entre 80 y 640 UHA/mL. En los parámetros productivos no hubo diferencia, el organismo del animal no se vio afectado por la inmunización lo cual es favorable en la etapa de la engorda. |
| 650 #4 - PUNTO DE ACCESO ADICIONAL DE MATERIA--TÉRMINO DE MATERIA | |
| Término de materia o nombre geográfico como elemento de entrada | Conejos |
| Subdivisión general | Antígenos y anticuerpos |
| 9 (RLIN) | 191069 |
| 650 #4 - PUNTO DE ACCESO ADICIONAL DE MATERIA--TÉRMINO DE MATERIA | |
| Término de materia o nombre geográfico como elemento de entrada | Conejos |
| Subdivisión general | Inmunología |
| 9 (RLIN) | 133722 |
| 650 #4 - PUNTO DE ACCESO ADICIONAL DE MATERIA--TÉRMINO DE MATERIA | |
| Término de materia o nombre geográfico como elemento de entrada | Conejos |
| Subdivisión general | Enfermedades |
| 9 (RLIN) | 26362 |
| 700 1# - PUNTO DE ACCESO ADICIONAL--NOMBRE DE PERSONA | |
| Nombre de persona | Mendoza Álvarez, María Beatriz |
| 9 (RLIN) | 148601 |
| Código de función/relación | director. |
| 700 1# - PUNTO DE ACCESO ADICIONAL--NOMBRE DE PERSONA | |
| Nombre de persona | Echegaray Torres, José Luis |
| 9 (RLIN) | 35055 |
| Término indicativo de función/relación | secretario. |
| 700 1# - PUNTO DE ACCESO ADICIONAL--NOMBRE DE PERSONA | |
| Nombre de persona | Magaña Valencia, Fabian |
| 9 (RLIN) | 69814 |
| Término indicativo de función/relación | vocal. |
| 700 1# - PUNTO DE ACCESO ADICIONAL--NOMBRE DE PERSONA | |
| Nombre de persona | Rodríguez de Lara, Raymundo |
| 9 (RLIN) | 98436 |
| Término indicativo de función/relación | suplente. |
| 700 1# - PUNTO DE ACCESO ADICIONAL--NOMBRE DE PERSONA | |
| Nombre de persona | Castañeda Ramírez, Alfredo |
| Término indicativo de función/relación | suplente. |
| 9 (RLIN) | 188526 |
| 856 ## - LOCALIZACIÓN Y ACCESO ELECTRÓNICOS | |
| Identificador Uniforme del Recurso | http://10.13.5.2/tesis/tl/1710513-7_CRUZ_FLORES_ERIKA.pdf |
| Nota pública | DESCARGAR PDF |
| 942 ## - ELEMENTOS DE PUNTO DE ACCESO ADICIONAL (KOHA) | |
| Fuente del sistema de clasificación o colocación | Clasificación Universidad Autónoma Chapingo |
| Tipo de ítem Koha | Tesis digital |
| Estado de retiro | Estado de pérdida | Fuente del sistema de clasificación o colocación | Estado dañado | Restricciones de uso | No para préstamo | Código de colección | Localización permanente | Ubicación/localización actual | Ubicación en estantería | Fecha de adquisición | Total de préstamos | Signatura topográfica completa | Fecha visto por última vez | Precio válido a partir de | Tipo de ítem Koha |
|---|---|---|---|---|---|---|---|---|---|---|---|---|---|---|---|
| Clasificación Universidad Autónoma de Chapingo | Préstamo interno | Tesis digitales de Licenciatura | Biblioteca Digital | Biblioteca Digital | En línea | 08/08/2025 | Tesis digital | 08/08/2025 | 08/08/2025 | Tesis digital |
